000 00344 a2200157 4500
001 61310
020 _a9783126760133
040 _cAnchieta - Pituba
100 _aMotta, Giorgio
240 1 0 _aMagnet
_lpor
245 1 0 _aMagnet
300 _a72
362 0 _a2009
650 4 _aLínguas germânicas (teutônicas) língua alemã
942 _cBK
999 _c61310
_d61310